LEADER 01139nam a2200277 u 4500 001 000000026127 003 CaOOAMICUS 005 20070226111536.0 008 950816s1979 it a u000 u ita u 035 $a10673504 040 $aPUL(R)$bita$dMSA 100 1 $aToscani, Xenio,$d1941-$0(OLS)http://pul/name/21597 245 13$aIl clero lombardo dall'Ancien Régime alla Restaurazione /$cXenio Toscani. 260 $aBologna :$bIl Mulino,$cc1979. 300 $a437 p. :$bill. ;$c22 cm 490 1 $aReligione e società ;$v8 500 $aContiene indici. 504 $aBibliografia in nota. 651 4$aLombardia$xStoria ecclesiastica.$0(OLS)http://pul/subject/15296 830 0$aReligione e società (Il Mulino) ;$v8.$0(OLS)http://pul/title/1321 850 $aPUL 852 $aPUL$W1$xDP1 Fondo Ciprotti$y59$m1544 C 57$j36526$nBK-PRI$b $qFondi$B36526$CPULBib$Z2$F36526 $H $81 941 1 $a1 961 $aINV: F. Ciprotti 996 $6245$aIl clero lombardo dall'Ancien Régime alla Restaurazione$9(OLS)http://pul/title/35925 996 $6260$aBologna :$bIl Mulino$9(OLS)http://pul/publisher/47928 LEADER 01241nam a2200277 u 4500 001 000000089834 003 CaOOAMICUS 005 20070226124647.0 008 051201s1960 it u000 u ita u 035 $a11070936 040 $aPUL(R)$bita 041 1 $aita$hfre 100 1 $aDelhaye, Philippe.$0(OLS)http://pul/name/16 240 10$aPhilosophie chrétienne au Moyen Age.$lItaliano.$0(OLS)http://pul/title/115989 245 13$aLa filosofia cristiana nel Medioevo /$cdi Philippe Delhaye. 260 $aCatania :$bEdizioni Paoline,$c1960. 300 $a140 p. ;$c18 cm 490 1 $aEnciclopedia cattolica dell'uomo d'oggi.$aSezione 1, Ragione e fede ;$v12 504 $aBibliografia : p. 139-140. 650 4$aFilosofia cristiana$yEvo medio.$0(OLS)http://pul/subject/5142 830 0$aEnciclopedia cattolica dell'uomo d'oggi.$nSezione 1,$pRagione e fede ;$v12.$0(OLS)http://pul/title/38336 850 $aPUL 852 $aPUL$W1$xDP1 Fondo Pastorale$y55$mP8 D 12$j113503$nBK-PRI$b $qFondi$B113503$CPULBib$Z2$F113503 $HPUL1642 $81 941 1 $a1 996 $6245$aLa filosofia cristiana nel Medioevo$9(OLS)http://pul/title/115990 996 $6260$aCatania :$bEdizioni Paoline$9(OLS)http://pul/publisher/48234